Les grands personnages militaires de la Rome Antique - Statistiques

Statistiques générales
  • Ce quiz a été pris 296 fois
    291 depuis la dernière actualisation
  • Le résultat moyen est 8 sur 15
Statistiques - réponses
Par images Hint Réponse % Correct
Tu quoque, mi fili Jules César
99%
Appelez-moi Princeps Auguste / Octave
92%
Mon destin est en Egypte! Marc-Antoine
83%
Hannibal, je te tiens! (L'Africain) Scipion
79%
Ma tête sur un plateau d'argent (Le Grand) Pompée
71%
Je suis riche Licinius Crassus
69%
Philosophie et Germanie Marc-Aurèle
68%
La Dacie je conquis Trajan
55%
Dictateur mal-aimé Sylla / Sulla
54%
Il réforma l'armée Caius Marius
43%
J'ai conseillé l'Empereur Agrippa
23%
Envoyé de Justinien Bélisaire
21%
Le dernier Romain Flavius Aetius
17%
Défenseur de la République Marcus Furius Camillus / Camille
11%
Il fut Roi Tullus Hostilius
7%
Aucun quiz correspondant
Distribution des résultats
% des personnes avec chaque résultat
Percentile par nombre de réponses
Votre historique - résultats
Vous n’avez pas pris ce quiz depuis la dernière actualisation